Metal Inspirations : 2002 - 2014 Kreativita pretavená do kovu / Creativity recast in metal /

Saved in:
Bibliographic Details
Other Authors: Jarema, Jaroslav (Compiler)
Format: Book
Language:Slovak
English
Published: Košice Technická univerzita v Košiciach, Fakulta umení, Katedra dizajnu 2014
Subjects:
Tags: Add Tag
No Tags, Be the first to tag this record!

MARC

LEADER 00000nam a22000003a 4500
001 0004014
003 SK-STU
005 20150617230328.2
007 ta
008 150414s ----xo-----e------000-0-----d
020 |a 978-80-553-1810-3 
040 |a STU  |b slo 
041 0 |a slo  |a eng 
044 |a xo 
100 1 |a Jarema, Jaroslav  |r Z5  |4 com 
245 1 0 |a Metal Inspirations :  |b 2002 - 2014 Kreativita pretavená do kovu / Creativity recast in metal /  |c zost. Jaroslav Jarema 
260 |a Košice  |b Technická univerzita v Košiciach, Fakulta umení, Katedra dizajnu  |c 2014 
300 |a 144 s.  |b 500 ks 
650 0 7 |a metal 
996 |b 284AU06402  |c A* 9311 U  |l AAKNST  |s P  |a 0  |w 0004014_0001